Conference Tournament Champions (CBB) - 2026 - Statistics

General Stats
  • This quiz has been taken 70 times
    63 since last reset
  • The average score is 13 of 31
Answers on the Grid
Answers color-coded by a green-red scale on the quiz's grid according to % correct below.
Vermont
Hampton
UNC Wilmington
UMBC
Howard
Wichita State
Houston
Purdue
Arizona
St. Louis
Duke
Austin Peay
UCONN
Idaho State
Queens
VCU
Winthrop
Michigan
St. John's
Idaho
High Point
Hawaii
Hofstra
Liberty
Arkansas
UC Irvine
Penn
Siena
Oakland
Yale
South Florida
Kennesaw State
Miami OH
Belmont
Utah State
Long Island
Northern Iowa
Tennessee State
Mercyhurst
Lehigh
San Diego State
Morehead State
Vanderbilt
Furman
Stephen F Austin
North Dakota State
Omaha
Prairie View A&M
Troy
Cal Baptist
Gonzaga
Marshall
Utah Valley
Santa Clara
McNeese
ETSU
Navy
Wright State
Florida
Akron
 
Answer Stats
Answer % Correct
Purdue
74%
Duke
66%
Arizona
58%
Siena
55%
St. John's
53%
VCU
53%
High Point
47%
Prairie View A&M
47%
Arkansas
45%
Hofstra
45%
Long Island
45%
Penn
45%
UMBC
42%
Akron
39%
Furman
39%
Howard
39%
Cal Baptist
37%
Gonzaga
37%
Queens
37%
Hawaii
34%
Lehigh
34%
South Florida
34%
Troy
34%
McNeese
32%
Northern Iowa
32%
North Dakota State
29%
Wright State
29%
Kennesaw State
26%
Utah State
26%
Tennessee State
24%
Idaho
18%
No matching quizzes found
Score Distribution
Percent of People with Each Score
Percentile by Number Answered
Your Score History
You have not taken this quiz since the last reset